Science Quiz

Random Science or Alphabet Quiz
Score 0/25 Timer 04:00
5 Plays Today
Animal % Correct
Dolphin
98.3%
Elephant
98%
Hippo
96.4%
Kangaroo
95.6%
Frog
93.8%
Zebra
92.7%
Jaguar
92.2%
Peacock
91.6%
Rhino
90%
Turtle
89.9%
Squirrel
89.8%
Lemur
87.2%
Walrus
86.9%
Animal % Correct
Giraffe
86.5%
Armadillo
82.1%
Yak
82%
Vulture
78%
Badger
76.6%
Urchin
73%
Narwhal
72.3%
Chameleon
71.9%
Orangutan
62.1%
Ibex
42.8%
Mandrill
39.2%
Quetzal
16.5%
Remove Ads.
Support Sporcle.
Get the best of Sporcle when you Go Orange. This ad-free experience offers more features, more stats, and more fun while also helping to support Sporcle. Thank you for becoming a member.

You're not logged in!

Compare scores with friends on all Sporcle quizzes.
OR
Log In

Sporcle TV

Today on Sporcle TV


Watch our educational content, quiz creation guides, and fun videos on Sporcle TV.

Show Comments

Extras

Top Quizzes Today


Score Distribution

Paid Content

Your Account Isn't Verified!

In order to create a playlist on Sporcle, you need to verify the email address you used during registration. Go to your Sporcle Settings to finish the process.

Report this User

Report this user for behavior that violates our Community Guidelines.

Details: